000 00667nam a22002417a 4500
003 UA-OsUOA
001 104621
007 ta
008 20140122b un ||||| |||| 00| 0 ukr d
100 _aПронкевич О.
090 _a82.09(460)
_bП81
942 _cBK
040 _aUA-OsUOA
_bukr
_cUA-OsUOA
_dUA-OsUOA
245 _a"Дон Кіхот": роман - міф - товар
_bмонографія
300 _a197 с.
955 _a1
041 _aukr
080 _a82.09(460)
020 _a978-617-646-056-5
260 _aК.
_bНаУКМА
_c2012
650 7 _a82 Література. Літературознавство
_2UDC
999 _c390571
_d390571